Statistiche per Quiz Cultura Generale - Quiz n°58

Clicka qui per fare il quiz!

Statistiche generali

  • Questo quiz è stato fatto 75 volte
  • Il punteggio medio è 8 su 15

Statistiche sulle risposte

DomandaRisposta% Corretto
Come si traduce il termine inglese "wall"?Muro
100%
Quanti sono i famosi Colli di Roma?7
93%
Qual è la nazionalità di Michael Schumacher?Tedesca
93%
Qual è l'unità di misura internazionale della lunghezza?Metro
90%
In quale nazione odierna si trova la Piramide di Cheope?Egitto
88%
Qual è la seconda regione italiana per superficie?Piemonte
78%
Quante diagonali ha un esagono?9
47%
In quale organo si trovano gli alveoli?Polmone
47%
Cosa fa male a chi soffre di artrite?Articolazioni
39%
Chi ha scritto la poesia "Il lampo"?Giovanni Pascoli
32%
Da quale nazione si è resa indipendente l'Indonesia nel 1945?Paesi Bassi
32%
Chi ha fondato nel 1919 il Partito Popolare italiano?Don Luigi Sturzo
20%
Com'è detto ogni segmento che collega due punti sulla circonferenza?Corda
19%
Qual era l'istituzione giuridica della democrazia ateniese volta a punire con un esilio temporaneo di dieci anni coloro che avrebbero potuto rappresentare un pericolo per la città?Ostracismo
15%
Qual è la capitale della Nuova Aquitania francese?Bordeaux
8%

Distribuzione punteggi

Percentile per numero di risposta

Percentuale di utenti per punteggio

I tuoi punteggi nel tempo

Non hai fatto questo quiz